Crystallization behavior and strength of natural rubber- Skim rubber, deproteinized natural rubber and pale crepe (Record no. 56599)

MARC details
000 -LEADER
fixed length control field 01999nam a2200229Ia 4500
100 ## - MAIN ENTRY--AUTHOR NAME
Personal name Kawahara Seiichi
245 #0 - TITLE STATEMENT
Title Crystallization behavior and strength of natural rubber- Skim rubber, deproteinized natural rubber and pale crepe
260 ## - PUBLICATION, DISTRIBUTION, ETC. (IMPRINT)
Name of publisher Abstracts of Meeting Papers: 155th Meeting (Spring 99) of the Rubber Division American Chemical Society Chicago, Illinois April 13-16, 1999. p785
500 ## - GENERAL NOTE
General note Source Year: 1999
520 ## - SUMMARY, ETC.
Summary, etc Crystallization behaviour of natural rubber (NR) prepared by different procedures, such as skim rubber, deproteinized natural rubber (DPNR) and pale crepe, was investigated by dilatometry at -25 C. DPNR was fractionated into four fractions by molecular weight. The high molecular weight fractions contained about 1.5 linked fatty acids per rubber molecule, while low molecular weight fraction contained about 5 fatty avids. The overall crystallization rate of the rubber decreased as the molecular weight decreased. Skim rubbers, purified by extraction with acetone, crystallized rapidly compared to acetone-extracted pale crepe, despite the fact that the molecular weight of skim rubbers was about one-half of pale crepe. The quantity of linked fatty acid per rubber molecule of skim rubbers was less than 0.5, while that of pale crepe was 1.6. The difference in the rate of crystallization was presumed to be associated to the level of fatty acids linked to rubber molecule at the terminal and branch points present in pale crepe. The green strength of skim rubbers was significantly smaller than that of untreated pale crepe and DPNR but was comparable to transesterified DPNR which contains no gel fraction and no linked fatty acids.
650 ## - SUBJECT ADDED ENTRY--TOPICAL TERM
Topical Term Crystallization
650 ## - SUBJECT ADDED ENTRY--TOPICAL TERM
Topical Term DPNR
650 ## - SUBJECT ADDED ENTRY--TOPICAL TERM
Topical Term Pale crepe
650 ## - SUBJECT ADDED ENTRY--TOPICAL TERM
Topical Term Skim rubber
700 ## - ADDED ENTRY--PERSONAL NAME
Personal name Bronjawat Jariya
700 ## - ADDED ENTRY--PERSONAL NAME
Personal name Kakubo Takashi
700 ## - ADDED ENTRY--PERSONAL NAME
Personal name Nishiyama Naoyuki
700 ## - ADDED ENTRY--PERSONAL NAME
Personal name Tanaka Yasuyuki
856 ## - ELECTRONIC LOCATION AND ACCESS
Uniform Resource Identifier RC&T
942 ## - ADDED ENTRY ELEMENTS (KOHA)
Koha item type Journals
Holdings
Withdrawn status Lost status Damaged status Not for loan Home library Current library Shelving location Date acquired Koha item type
      Journals RRII Library RRII Library Rubber chemistry 17/12/2021 Journals